Skúmanie ponukovej strany ekonomiky a jej vplyv na vývoj ekonomiky SR

Teória ponukovo orientovanej hospodárskej politiky. Vytvorenie výskumného tímu mladých odborných asistentov a doktorandov z Katedry hospodárskej politiky NHF EU v Bratislave s cieľom hlbšieho rozpracovania otázok spojených s ponukovou stranou ekonomiky.

Na minha lista:
Detalhes bibliográficos
Autor principal: Havettová, Miroslava
Formato: Capítulo de Livro
Idioma:eslovaco
Assuntos:
Tags: Adicionar Tag
Sem tags, seja o primeiro a adicionar uma tag!

MARC

LEADER 00000nla$a2200000$$$4500
001 0120009
005 20240502072336.9
041 0 |a slo 
044 |a SK 
245 1 0 |a Skúmanie ponukovej strany ekonomiky a jej vplyv na vývoj ekonomiky SR  |c Miroslava Havettová 
520 |a Teória ponukovo orientovanej hospodárskej politiky. Vytvorenie výskumného tímu mladých odborných asistentov a doktorandov z Katedry hospodárskej politiky NHF EU v Bratislave s cieľom hlbšieho rozpracovania otázok spojených s ponukovou stranou ekonomiky. 
610 2 0 |a teórie ekonomické 
610 2 0 |a politika hospodárska 
610 2 0 |a ponuka 
610 2 0 |a projekty 
100 1 |a Havettová, Miroslava